=LDR 00000nam 2200000 4500 =001 INLIS000000000013585 =005 20130612104945 =008 ***********************************Ind** =035 ##$$0010-061300000013585 =041 ##$$a Ind =082 ##$$a 793.74 =090 ##$$a 793.74, Sut m =100 ##$$a Sutan, Firman Waty =245 ##$$a Mahir matematika melalui permainan, Firman Wati Sutan =260 ##$$a 2004 $b Jakarta =300 ##$$a 106 hlm, 21 cm =650 ##$$a Matematika - Permainan =850 ##$$a NBPNMAT